| 000 | 00695nam a2200229Ia 4500 | ||
|---|---|---|---|
| 001 | 1049 | ||
| 003 | GE_BSU | ||
| 008 | 181216s||||||||xx |||||||||||||| ||und|| | ||
| 040 | _cGE_BSU | ||
| 080 | _a53.01(075.8) | ||
| 245 | _aСборник задач по теоретической физике. | ||
| 245 | _bуч-е пособие для студ физич. спец.высш.уч. завед. | ||
| 250 | _a2-е допол. | ||
| 260 | _aМосква | ||
| 260 | _bВысшая школа | ||
| 260 | _c1984 | ||
| 300 | _a319стр. | ||
| 541 | _h10л. | ||
| 653 | _aСборник задач по теоретической физике. | ||
| 653 | _aФизика | ||
| 942 | _cBK | ||
| 999 |
_c35203 _d35203 |
||